| 000 | 00352nam a2200121Ia 4500 | ||
|---|---|---|---|
| 008 | 170224s9999 xx 000 0 und d | ||
| 245 | _aHow being busy can increase motivation and reduce task completion time. | ||
| 260 | _bJournal of Personality and Social Psychology | ||
| 260 | _c2016 | ||
| 300 | _a110:3 | ||
| 500 | _aMarch | ||
| 650 | _xPsychology. | ||
| 999 |
_c316512 _d316512 |
||